00361nam a2200145Ia 4500008004100000041000800041082001500049100001700064245002800081250000900109260001800118300004600136365001600182700001700198230718s9999 xx 000 0 und d aeng a658.3bROB aRobbins S.P. aOrganizational Behavior a9th  c2002bPearson a643dRef 899 C (14964), Ref 159 G (14965) cRs.b350.00 aRobbins S.P.